Online
Catalog

Carta compromiso al ciudadano: (Record no. 52342)

MARC details
000 -CABECERA
campo de control de longitud fija 01132nam a2200241 a 4500
003 - IDENTIFICADOR DEL NÚMERO DE CONTROL
campo de control DO-SdBNP
005 - FECHA Y HORA DE LA ÚLTIMA TRANSACCIÓN
campo de control 20220830151014.0
007 - CAMPO FIJO DE DESCRIPCIÓN FÍSICA--INFORMACIÓN GENERAL
campo de control de longitud fija ta
008 - DATOS DE LONGITUD FIJA--INFORMACIÓN GENERAL
campo de control de longitud fija 220830e20202022|||aaobgrz||| 001 0 spa d
040 ## - FUENTE DE LA CATALOGACIÓN
Centro catalogador/agencia de origen DO-SdBNP
Lengua de catalogación spa
Centro/agencia transcriptor BNPHU
082 #4 - NÚMERO DE LA CLASIFICACIÓN DECIMAL DEWEY
Número de edición 22
Número de documento/Ítem R426c
110 1# - ENTRADA PRINCIPAL--NOMBRE DE ENTIDAD CORPORATIVA
9 (RLIN) 22040
Nombre de entidad corporativa o nombre de jurisdicción como elemento de entrada República Dominicana
Unidad subordinada Museo Nacional de Historia Natural Prof, Eugenio de Jesús Marcano
245 10 - MENCIÓN DE TÍTULO
Título Carta compromiso al ciudadano:
Resto del título vigencia: agosto 2020 - agosto 2022. /
Mención de responsabilidad, etc. Prólogo, Celeste Mir
260 ## - PUBLICACIÓN, DISTRIBUCIÓN, ETC.
Lugar de publicación, distribución, etc. Santo Domingo :
Nombre del editor, distribuidor, etc. Museo Nacional de Historia Natural prof. Eugenio de Jesús Marcano,
Fecha de publicación, distribución, etc. 2022
300 ## - DESCRIPCIÓN FÍSICA
Extensión 30 p. :
Otras características físicas il., fotogr., mapas.
Dimensiones 28 cm.
505 ## - NOTA DE CONTENIDO CON FORMATO
Título 1. Información de carácter general y legal.--
-- 2. Compromisos de calidad ofrecidos.--
-- 3. Quejas, sugerencias y medidas de subsanación.--
-- 4. Información complementaria.--
590 ## - NOTA LOCAL (RLIN)
Nota local Inventariado 2022 / MF
600 #4 - PUNTO DE ACCESO ADICIONAL DE MATERIA--NOMBRE DE PERSONA
Nombre de persona Museo Nacional de Historia Natural (República Dominicana)
Título de la obra Carta de Compromiso al Ciudadano
Subdivisión cronológica 2020 - 2022
9 (RLIN) 82290
650 #4 - PUNTO DE ACCESO ADICIONAL DE MATERIA--TÉRMINO DE MATERIA
9 (RLIN) 80902
Término de materia o nombre geográfico como elemento de entrada Servicios públicos
Subdivisión geográfica República Dominicana
700 1# - PUNTO DE ACCESO ADICIONAL--NOMBRE DE PERSONA
9 (RLIN) 78449
Nombre de persona Mir , Celeste
910 ## - DATOS DE OPCIÓN DEL USUARIO (OCLC)
Datos de opción del usuario MFeliz
942 ## - ELEMENTOS DE PUNTO DE ACCESO ADICIONAL (KOHA)
Fuente del sistema de clasificación o colocación Dewey Decimal Classification
Tipo de ítem Koha Folleto
Holdings
Estado de retiro Estado de pérdida Fuente del sistema de clasificación o colocación Restricciones de uso No para préstamo Código de colección Localización permanente Ubicación/localización actual Ubicación en estantería Fecha de adquisición Fuente de adquisición Total de préstamos Signatura topográfica completa Código de barras Fecha visto por última vez Precio válido a partir de Tipo de ítem Koha Número de copia
    Dewey Decimal Classification Excluido de préstamo   Patrimonio Dominicano Biblioteca Nacional Pedro Henríquez Ureña Biblioteca Nacional Pedro Henríquez Ureña En catalogación 18.12.2020 Depósito legal   R426c 2022-3850 30.08.2022 30.08.2022 Folleto  
    Dewey Decimal Classification Excluido de préstamo   Patrimonio Dominicano Biblioteca Nacional Pedro Henríquez Ureña Biblioteca Nacional Pedro Henríquez Ureña En catalogación 18.12.2020 Depósito legal   R426c 2022-3851 30.08.2022 30.08.2022 Folleto e.2

Powered by Koha